| 000 | 00906cam a22002777a 4500 | ||
|---|---|---|---|
| 003 | CHAP | ||
| 005 | 20220329135649.0 | ||
| 008 | 971013s r 00010 d | ||
| 010 | _a40150 | ||
| 011 | _a41122 | ||
| 035 | _a45248 | ||
| 040 | _cCHAP | ||
| 090 | _aR-707 | ||
| 100 | 0 | 0 |
_aFlorence, W. G. S. _941351 |
| 245 | 1 | 4 | _aThe influence of varying propotions of plant and animal protein supplements on the growth of porkers |
| 500 | _aSobretiro de : S. Afr. J. Agric. Sci. 8:661-672, 1965 | ||
| 590 |
_aBATCH-UPD _b10 _c20130110 _lUCH01 _h0010 |
||
| 590 |
_aBATCH-UPD _b10 _c20130110 _lUCH01 _h1502 |
||
| 590 |
_aBATCH-UPD _b10 _c20130410 _lUCH01 _h0923 |
||
| 590 |
_aBATCH-UPD _b10 _c20130914 _lUCH01 _h1416 |
||
| 590 |
_aCONVERSION _b10 _c20130109 _lUCH01 _h1322 |
||
| 650 | 1 | 4 |
_aGanado porcino _xAlimentación. _945329 |
| 901 | _aBK | ||
| 942 | _cREIMP | ||
| 949 |
_aR-707 _bBC _cR _d-103438 _eTS1 _i45248 _si |
||
| 999 |
_c40150 _d40150 |
||